000 00426nam a22001697a 4500
003 NUST - PNEC
005 20170116180918.0
008 150904b xxu||||| |||| 00| 0 eng d
020 _a-
040 _cLIBRARY
082 _a621.381957 STE
100 _97606
_aStewart, C. A.
245 _aBasic analog computer techniques
_cC. A. Stewart
260 _cc.1967
650 _97610
_aComputer Techniques
_xME
942 _2ddc
_cBK
999 _c65541
_d65541